Physics and Probability : (Record no. 3839)

MARC details
000 -LEADER
fixed length control field 01137pam a2200301 a 4500
001 - CONTROL NUMBER
control field 14093551
003 - CONTROL NUMBER IDENTIFIER
control field OSt
005 - DATE AND TIME OF LATEST TRANSACTION
control field 20240426124007.0
008 - FIXED-LENGTH DATA ELEMENTS--GENERAL INFORMATION
fixed length control field 050831r20041993enka b 011 0 eng
010 ## - LIBRARY OF CONGRESS CONTROL NUMBER
LC control number 2005281526
020 ## - INTERNATIONAL STANDARD BOOK NUMBER
International Standard Book Number 0521617103 (pbk.)
040 ## - CATALOGING SOURCE
Original cataloging agency DLC
Transcribing agency DLC
Modifying agency DLC
050 00 - LIBRARY OF CONGRESS CALL NUMBER
Classification number QC6.2
Item number .P48 2004
082 ## - DEWEY DECIMAL CLASSIFICATION NUMBER
Classification number 530 PHY 1993
100 ## - MAIN ENTRY--PERSONAL NAME
Personal name Edited by Grandy, W.T. ; Milonni, P.W.
9 (RLIN) 16975
245 00 - TITLE STATEMENT
Title Physics and Probability :
Remainder of title essays in honor of Edwin T. Jaynes
260 ## - PUBLICATION, DISTRIBUTION, ETC. (IMPRINT)
Place of publication, distribution, etc. Cambridge;
Name of publisher, distributor, etc. Cambridge University Press,
Date of publication, distribution, etc. 1993
300 ## - PHYSICAL DESCRIPTION
Extent x, 284 p. :
Other physical details ill. ;
Dimensions 25 cm.
500 ## - GENERAL NOTE
General note Originally published in 1993.
504 ## - BIBLIOGRAPHY, ETC. NOTE
Bibliography, etc Includes bibliographical references and index.
650 #0 - SUBJECT ADDED ENTRY--TOPICAL TERM
Topical term or geographic name as entry element Physics.
9 (RLIN) 809
650 #0 - SUBJECT ADDED ENTRY--TOPICAL TERM
Topical term or geographic name as entry element Probabilities.
9 (RLIN) 2821
856 42 - ELECTRONIC LOCATION AND ACCESS
Materials specified Publisher description
Uniform Resource Identifier http://www.loc.gov/catdir/enhancements/fy0632/2005281526-d.html
856 41 - ELECTRONIC LOCATION AND ACCESS
Materials specified Table of contents only
Uniform Resource Identifier http://www.loc.gov/catdir/enhancements/fy0632/2005281526-t.html
906 ## - LOCAL DATA ELEMENT F, LDF (RLIN)
a 7
b cbc
c origcop
d 3
e ncip
f 20
g y-gencatlg
942 ## - ADDED ENTRY ELEMENTS (KOHA)
Source of classification or shelving scheme Dewey Decimal Classification
Koha item type Short Loan
Holdings
Withdrawn status Lost status Source of classification or shelving scheme Damaged status Not for loan Home library Current library Date acquired Source of acquisition Inventory number Total Checkouts Full call number Barcode Date last seen Koha item type
    Dewey Decimal Classification     MUST Main Library MUST Main Library 02/05/2016 Purchase 05/24902   530 PHY 1993 2016-1535 02/05/2016 Open Shelf
    Dewey Decimal Classification     MUST Main Library MUST Main Library 26/04/2024 Purchase 05/24901   530 PHY 1993 2024-0169 26/04/2024 Open Shelf
    Dewey Decimal Classification     MUST Main Library MUST Main Library 26/04/2024 Purchase 05/24903   530 PHY 1993 2024-0170 26/04/2024 Open Shelf